000
00349nam a2200145Ia 4500
008
231217s9999 xx 000 0 und d
041
_a
English
082
_a
001.6424PER MCM;1 `R'
100
_a
Mcmillan, Mike
245
0
_a
Perl from the ground up
260
_c
1998
_b
New Delhi : TMH,
300
_a
XXIII+520
650
_a
Perl
942
_c
AA
999
_c
167586
_d
167586